000 01467nam a2200349Ia 4500
001 ebr10279340
003 CaPaEBR
006 m u
007 cr cn|||||||||
008 990121s2000 nyua sb 001 0 eng d
010 _z 99017992
020 _z0195111958
020 _z9780195111958
040 _aCaPaEBR
_cCaPaEBR
035 _a(OCoLC)252598461
050 1 4 _aBR555.V8
_bS38 2000eb
082 0 4 _a277.55/081
_221
100 1 _aSchweiger, Beth Barton.
245 1 4 _aThe gospel working up
_h[electronic resource] :
_bprogress and the pulpit in nineteenth-century Virginia /
_cBeth Barton Schweiger.
260 _aNew York :
_bOxford University Press,
_c2000.
300 _axii, 267 p. :
_bill.
490 1 _aReligion in America series
504 _aIncludes bibliographical references (p. 245-256) and index.
533 _aElectronic reproduction.
_bPalo Alto, Calif. :
_cebrary,
_d2009.
_nAvailable via World Wide Web.
_nAccess may be limited to ebrary affiliated libraries.
650 0 _aBaptists
_zVirginia
_xClergy
_xHistory
_y19th century.
650 0 _aMethodist Church
_zVirginia
_xClergy
_xHistory
_y19th century.
651 0 _aVirginia
_xChurch history
_y19th century.
655 7 _aElectronic books.
_2local
710 2 _aebrary, Inc.
830 0 _aReligion in America series (Oxford University Press)
856 4 0 _uhttp://site.ebrary.com/lib/rucke/Doc?id=10279340
_zAn electronic book accessible through the World Wide Web; click to view
999 _c3902
_d3902